[Event "XV C.to Mondiale seniores"]
[Site "Lignano Sabbiadoro ITA"]
[Date "2005.09.30"]
[Round "3"]
[White "Bitzer, Dieter"]
[Black "Norrito, Salvatore"]
[Result "1-0"]
[WhiteElo "2003"]
[BlackElo "1625"]
[PlyCount "120"]
[EventDate "2005.09.28"]

1. e4 e5 2. Nf3 Nc6 3. Bc4 Bc5 4. Nc3 d6 5. d3 Nf6 6. h3 O-O 7. Bg5 Na5 8. Bb3
c6 9. O-O a6 10. Ne2 Nxb3 11. axb3 Re8 12. c3 g6 13. Nh2 Kg7 14. Qd2 d5 15. Ng3
d4 16. Kh1 Be7 17. f4 Ng8 18. Bxe7 Qxe7 19. f5 Nf6 20. Rf3 Ng8 21. Raf1 f6 22.
Ng4 c5 23. Qf2 h5 24. Nh2 h4 25. Ne2 g5 26. g3 hxg3 27. Qxg3 Nh6 28. Ng4 Nxg4
29. Qxg4 Rh8 30. Rg3 Bd7 31. Kg2 Be8 32. Qf3 b5 33. Rh1 Bf7 34. Nc1 Rh4 35. Qd1
Qc7 36. Qe1 Rah8 37. c4 b4 38. Ne2 Kf8 39. Rg4 a5 40. Rxh4 Rxh4 41. Ng1 Be8 42.
Nf3 Rh7 43. Qg3 a4 44. bxa4 Bxa4 45. Ra1 Bc6 46. b3 Ke7 47. Nh2 Be8 48. Ra6 Rf7
49. Qe1 Kf8 50. Ng4 Kg7 51. h4 Qb7 52. Ra2 Kf8 53. hxg5 fxg5 54. Nxe5 Rxf5 55.
Qg3 Qg7 56. exf5 Qb7+ 57. Qf3 Qb8 58. Ng6+ Kg7 59. Qg3 Qb7+ 60. Kh2 Kh6 1-0

[Event "XV C.to Mondiale seniores"]
[Site "Lignano Sabbiadoro ITA"]
[Date "2005.09.30"]
[Round "3"]
[White "Blaushtain, Boris"]
[Black "Trifunovic, Dusan"]
[Result "0-1"]
[WhiteElo "2170"]
[BlackElo "2019"]
[PlyCount "50"]
[EventDate "2005.09.28"]

1. c4 Nc6 2. Nc3 e6 3. d4 d5 4. e3 Nf6 5. Nf3 Ne7 6. Bd3 c6 7. O-O b6 8. e4
dxe4 9. Nxe4 Ng6 10. Nxf6+ gxf6 11. Be4 Qc7 12. Be3 f5 13. Bc2 Bg7 14. Rc1 Bb7
15. Re1 O-O-O 16. Bg5 Rd7 17. Qe2 h6 18. Bd2 Rg8 19. b4 Bxd4 20. Bxh6 c5 21.
Nxd4 Rxd4 22. Be3 Rh4 23. f4 Nxf4 24. Bxf4 Rxf4 25. g3 Qc6 0-1

[Event "XV C.to Mondiale seniores"]
[Site "Lignano Sabbiadoro ITA"]
[Date "2005.09.30"]
[Round "3"]
[White "Bue, Gunnar"]
[Black "Serra Olives, Tomas"]
[Result "0-1"]
[WhiteElo "1901"]
[BlackElo "2128"]
[PlyCount "148"]
[EventDate "2005.09.28"]

1. d4 Nf6 2. c4 e6 3. e3 c5 4. Nf3 cxd4 5. exd4 d5 6. Bd3 dxc4 7. Bxc4 Nbd7 8.
O-O Be7 9. Nc3 O-O 10. Ne5 h6 11. Qe2 Nb6 12. Bb3 Qxd4 13. Rd1 Qb4 14. Bd2 Qh4
15. Be3 Nbd5 16. Nxd5 Nxd5 17. Rd4 Qf6 18. Nc4 Qf5 19. Bc2 Nxe3 20. Bxf5 Nxf5
21. Rf4 Bd6 22. Re4 Bd7 23. Ne5 Bb5 24. Nc4 Bc5 25. b3 Rfd8 26. Rd1 Nd4 27. Qf1
Rd5 28. a4 Rad8 29. Rdxd4 Bxc4 30. bxc4 Rxd4 31. Rxd4 Rxd4 32. Kh1 Rd2 33. f3
a5 34. h4 Bf2 35. Qc1 Rd4 36. g4 Bxh4 37. c5 Rd5 38. Qc3 Bd8 39. Kg2 g6 40. Kh3
Bc7 41. c6 bxc6 42. Qxc6 Bf4 43. Kg2 h5 44. gxh5 gxh5 45. Qc3 Be5 46. Qe3 Bd6
47. Kh3 Be7 48. Qe4 Bg5 49. f4 Bh6 50. Qg2+ Kh7 51. Qe4+ Rf5 52. Kg2 Bxf4 53.
Kh3 Kg6 54. Kg2 Kf6 55. Qd4+ Kg6 56. Qe4 Kh6 57. Qa8 Kg7 58. Qe4 Rg5+ 59. Kh1
Be5 60. Qa8 Bf6 61. Qe4 Rg4 62. Qc6 h4 63. Qc2 h3 64. Qb3 Rb4 65. Qg3+ Kh6 66.
Qe3+ Bg5 67. Qf3 Kg6 68. Qd3+ f5 69. Kh2 Re4 70. Qd7 Kh5 71. Qh7+ Bh6 72. Qf7+
Kg4 73. Qh7 Bf4+ 74. Kg1 Re1+ 0-1

[Event "XV C.to Mondiale seniores"]
[Site "Lignano Sabbiadoro ITA"]
[Date "2005.09.30"]
[Round "3"]
[White "Davydov, Mikhail"]
[Black "Scarpellini, Felice"]
[Result "1/2-1/2"]
[WhiteElo "2144"]
[BlackElo "1942"]
[PlyCount "66"]
[EventDate "2005.09.28"]

1. e4 d6 2. d4 g6 3. Nc3 Bg7 4. Be3 c6 5. Qd2 Nf6 6. f3 Nbd7 7. Nh3 O-O 8. Bh6
b5 9. Bxg7 Kxg7 10. Nf2 e5 11. O-O-O Qa5 12. Kb1 b4 13. Ne2 Qb6 14. h4 h5 15.
g4 Rh8 16. g5 Ne8 17. Bh3 exd4 18. Qxd4+ Qxd4 19. Nxd4 c5 20. Nb5 Ne5 21. f4
Nc4 22. b3 a6 23. bxc4 axb5 24. cxb5 Bxh3 25. Rxh3 Ra5 26. c4 bxc3 27. Rxc3
Rxb5+ 28. Rb3 Rxb3+ 29. axb3 f6 30. gxf6+ Kxf6 31. Kc2 Rh7 32. Ra1 Rb7 33. Ra6
Ke7 1/2-1/2

[Event "XV C.to Mondiale seniores"]
[Site "Lignano Sabbiadoro ITA"]
[Date "2005.09.30"]
[Round "3"]
[White "Dinser, Hans"]
[Black "Fotland, Hans Christian"]
[Result "0-1"]
[WhiteElo "1997"]
[BlackElo "2131"]
[PlyCount "64"]
[EventDate "2005.09.28"]

1. d4 Nf6 2. c4 e6 3. Nc3 d5 4. cxd5 exd5 5. Nf3 c6 6. Qc2 Bd6 7. Bg5 Nbd7 8.
e3 O-O 9. Bd3 h6 10. Bh4 Be7 11. h3 Nh5 12. Bxe7 Qxe7 13. O-O-O Nhf6 14. g4 Ne8
15. Rdg1 g6 16. h4 Kg7 17. Ne2 c5 18. Nf4 Qd6 19. h5 c4 20. Be2 g5 21. Nxg5
hxg5 22. h6+ Kh8 23. Nh5 Qg6 24. Qc3 Nd6 25. Bf3 Nb6 26. Ng3 Bd7 27. Bd1 Nb5
28. Qa5 c3 29. Bc2 cxb2+ 30. Kb1 Qc6 31. Qd2 Nc4 32. Qd3 Nba3+ 0-1

[Event "XV C.to Mondiale seniores"]
[Site "Lignano Sabbiadoro ITA"]
[Date "2005.09.30"]
[Round "3"]
[White "Filzmaier, Bruno"]
[Black "Tavcar, Rado"]
[Result "1-0"]
[WhiteElo "1970"]
[BlackElo "2110"]
[PlyCount "109"]
[EventDate "2005.09.28"]

1. a3 g6 2. Nf3 Bg7 3. d4 Nf6 4. b4 O-O 5. Bb2 d6 6. e3 a5 7. b5 Nbd7 8. Be2 c5
9. c4 cxd4 10. exd4 d5 11. c5 Ne4 12. Qc2 Ndf6 13. Nc3 Bf5 14. Bd3 Nxc3 15.
Bxc3 Bxd3 16. Qxd3 Ne4 17. O-O Qd7 18. a4 Qg4 19. Rfe1 e6 20. Rad1 Qf4 21. Bd2
Nxd2 22. Qxd2 Qxd2 23. Rxd2 Rfc8 24. Ne5 Bxe5 25. Rxe5 Kf8 26. Rde2 Rc7 27. g4
Kg7 28. Kg2 h6 29. h4 Rh8 30. f4 h5 31. gxh5 Rxh5 32. Rxh5 gxh5 33. Re5 Kh6 34.
f5 Re7 35. Kg3 Re8 36. fxe6 fxe6 37. Kf4 Rf8+ 38. Ke3 Re8 39. Rg5 Rf8 40. Rg1
Rf7 41. Rb1 Kg6 42. b6 Rf8 43. Rb5 Ra8 44. Kf4 Kf6 45. c6 bxc6 46. Rxa5 Rg8 47.
b7 Rb8 48. Ra7 Ke7 49. a5 Kd6 50. a6 Kc7 51. Ra8 c5 52. dxc5 d4 53. Ke4 e5 54.
Rxb8 Kxb8 55. c6 1-0

[Event "XV C.to Mondiale seniores"]
[Site "Lignano Sabbiadoro ITA"]
[Date "2005.09.30"]
[Round "3"]
[White "Florio, Italo"]
[Black "Standal, Bard"]
[Result "1/2-1/2"]
[WhiteElo "1511"]
[BlackElo "1937"]
[PlyCount "44"]
[EventDate "2005.09.28"]

1. d4 Nf6 2. Nf3 g6 3. c3 Bg7 4. Nbd2 O-O 5. e4 d6 6. Bd3 Nbd7 7. O-O e5 8. Qe2
Re8 9. Re1 Nf8 10. Bc4 exd4 11. cxd4 d5 12. Bd3 dxe4 13. Nxe4 Nxe4 14. Bxe4 Bf5
15. Qd3 Bxe4 16. Rxe4 Qd5 17. Rxe8 Rxe8 18. Be3 c6 19. b3 Nd7 20. Qc4 Nb6 21.
Qxd5 Nxd5 22. Re1 f5 1/2-1/2

[Event "XV C.to Mondiale seniores"]
[Site "Lignano Sabbiadoro ITA"]
[Date "2005.09.30"]
[Round "3"]
[White "Gardi, Giuseppe"]
[Black "Haug, Sverre"]
[Result "1-0"]
[WhiteElo "2099"]
[BlackElo "1924"]
[PlyCount "57"]
[EventDate "2005.09.28"]

1. d4 Nf6 2. Nf3 e6 3. e3 b6 4. Bd3 Bb7 5. O-O c5 6. b3 d5 7. Bb2 Qc7 8. Nbd2
Nbd7 9. Rc1 Bd6 10. c4 O-O 11. cxd5 exd5 12. Re1 Ne4 13. dxc5 bxc5 14. Nf1 f5
15. Nd4 Rae8 16. Nb5 Qb6 17. Nxd6 Nxd6 18. Nd2 Re6 19. Nf3 Ne4 20. Bxe4 fxe4
21. Ng5 Re7 22. Qh5 h6 23. Nh3 Nf6 24. Qg6 Nd7 25. Nf4 Ne5 26. Bxe5 Rxe5 27.
Red1 Rf6 28. Qg4 Ba6 29. Nxd5 1-0

[Event "XV C.to Mondiale seniores"]
[Site "Lignano Sabbiadoro ITA"]
[Date "2005.09.30"]
[Round "3"]
[White "Gruzmann, Boris"]
[Black "Klovans, Janis"]
[Result "0-1"]
[WhiteElo "2278"]
[BlackElo "2463"]
[PlyCount "98"]
[EventDate "2005.09.28"]

1. e4 e5 2. Nf3 Nc6 3. Bb5 a6 4. Ba4 Nf6 5. O-O Be7 6. Re1 b5 7. Bb3 d6 8. c3
O-O 9. h3 Bb7 10. d4 Re8 11. Ng5 Rf8 12. Nf3 Na5 13. Bc2 Nc4 14. b3 Nb6 15.
Nbd2 Nfd7 16. Nf1 c5 17. d5 f5 18. Ne3 f4 19. Nf5 Rf7 20. Nxe7+ Qxe7 21. a4
bxa4 22. bxa4 a5 23. Bd3 c4 24. Bc2 Nc5 25. Ba3 Nbd7 26. Qe2 Ba6 27. Reb1 Rff8
28. Bxc5 Nxc5 29. Rb6 Rfb8 30. Rab1 Qd8 31. Rxb8 Rxb8 32. Rxb8 Qxb8 33. Ne1 h6
34. Qh5 Nd7 35. Bd1 Nf6 36. Qe2 Qb1 37. Bc2 Qa1 38. Qd2 Bc8 39. Kh2 Bd7 40. Nf3
Bxa4 41. Bxa4 Qxa4 42. Qe2 Qb3 43. Nd2 Qc2 44. Qxc4 Qxd2 45. Qc8+ Kh7 46. Qf5+
Kh8 47. Qc8+ Ng8 48. f3 Qf2 49. Qd7 Qc5 0-1

[Event "XV C.to Mondiale seniores"]
[Site "Lignano Sabbiadoro ITA"]
[Date "2005.09.30"]
[Round "3"]
[White "Harito, Roberto"]
[Black "Peierl, Walter"]
[Result "0-1"]
[WhiteElo "1733"]
[BlackElo "2096"]
[PlyCount "138"]
[EventDate "2005.09.28"]

1. e4 e6 2. d4 d5 3. Nd2 Nf6 4. e5 Nfd7 5. Bd3 c5 6. c3 Qc7 7. Ne2 Nc6 8. Nf3
cxd4 9. cxd4 Bb4+ 10. Bd2 Qa5 11. O-O Bxd2 12. Qxd2 Qxd2 13. Nxd2 O-O 14. a3
Nb6 15. b4 Bd7 16. Nb3 Ne7 17. Nc5 Bc8 18. Rac1 Nc6 19. h4 Nb8 20. a4 N6d7 21.
b5 Nxc5 22. Rxc5 a6 23. Rc7 axb5 24. Bxb5 Na6 25. Rc3 h6 26. Rfc1 Nb4 27. Rb1
Nc6 28. Rc5 Bd7 29. Bxc6 Bxc6 30. a5 Ra7 31. Nc3 Rfa8 32. Ra1 g5 33. hxg5 hxg5
34. g3 Kg7 35. f4 gxf4 36. gxf4 Kg6 37. Kf2 Kg7 38. Rg1+ Kf8 39. Ra1 Ke7 40. f5
Kd7 41. fxe6+ fxe6 42. Rh1 Rf8+ 43. Ke3 Rf7 44. Rh2 Ra8 45. Rf2 Rxf2 46. Kxf2
Rf8+ 47. Ke3 Rh8 48. Ne2 Rh3+ 49. Kd2 Ra3 50. Nc3 Ra1 51. Kc2 Rh1 52. Kd2 Rh2+
53. Kd3 Rb2 54. Ke3 Rb3 55. Kd2 Kc7 56. Kc2 Rb4 57. Kd3 Kb8 58. a6 Ka7 59. axb7
Kxb7 60. Ra5 Kb6 61. Ra1 Be8 62. Rg1 Ka5 63. Ra1+ Kb6 64. Rg1 Ka5 65. Ke3 Rb3
66. Ra1+ Kb6 67. Ra8 Rxc3+ 68. Kd2 Bc6 69. Rb8+ Kc7 0-1

[Event "XV C.to Mondiale seniores"]
[Site "Lignano Sabbiadoro ITA"]
[Date "2005.09.30"]
[Round "3"]
[White "Haug, Kjell Martin"]
[Black "Hohler, Peter"]
[Result "1/2-1/2"]
[WhiteElo "1950"]
[BlackElo "2228"]
[PlyCount "92"]
[EventDate "2005.09.28"]

1. c4 e5 2. Nc3 Nc6 3. e3 Nf6 4. b3 g6 5. Bb2 Bg7 6. Be2 O-O 7. Nf3 d6 8. O-O
Re8 9. d4 exd4 10. Nxd4 Nxd4 11. exd4 d5 12. Bf3 c6 13. cxd5 cxd5 14. Re1 Rxe1+
15. Qxe1 Be6 16. Ne2 Bg4 17. Bxg4 Nxg4 18. h3 Nf6 19. Ng3 Rc8 20. Rc1 h5 21.
Nf1 Rxc1 22. Qxc1 Ne4 23. f3 Ng5 24. Ne3 Ne6 25. Nc2 Bf6 26. Qd1 Qb6 27. Kh1
Kg7 28. Ne3 Bxd4 29. Nxd5 Qc5 30. Bxd4+ Nxd4 31. Nf4 Qe5 32. Nd3 Qe3 33. Nb4
Nf5 34. Nd5 Qe5 35. f4 Qb2 36. a4 h4 37. b4 Kh6 38. a5 Qf2 39. Qg1 Ng3+ 40. Kh2
Nf1+ 41. Kh1 Ng3+ 42. Kh2 Qd2 43. Qa1 Kh7 44. Nf6+ Kh6 45. Ng4+ Kh7 46. Nf6+
Kh6 1/2-1/2

[Event "XV C.to Mondiale seniores"]
[Site "Lignano Sabbiadoro ITA"]
[Date "2005.09.30"]
[Round "3"]
[White "Hocevar, Nikola"]
[Black "Sevenyuk, Alexey"]
[Result "1/2-1/2"]
[WhiteElo "2093"]
[BlackElo "1836"]
[PlyCount "35"]
[EventDate "2005.09.28"]

1. c4 Nf6 2. Nc3 c5 3. Nf3 Nc6 4. d4 cxd4 5. Nxd4 g6 6. e4 d6 7. Be2 Bg7 8. Be3
O-O 9. O-O Bd7 10. Rc1 Nxd4 11. Bxd4 Bc6 12. f3 e6 13. Qd2 Qe7 14. Rfd1 Rfd8
15. Qe3 b6 16. e5 dxe5 17. Bxe5 Nh5 18. Bxg7 1/2-1/2

[Event "XV C.to Mondiale seniores"]
[Site "Lignano Sabbiadoro ITA"]
[Date "2005.09.30"]
[Round "3"]
[White "Jacob, Konrad"]
[Black "Miessner, Rolf"]
[Result "1-0"]
[WhiteElo "2049"]
[BlackElo "1773"]
[PlyCount "99"]
[EventDate "2005.09.28"]

1. e4 Nf6 2. e5 Nd5 3. Nc3 Nxc3 4. bxc3 d6 5. f4 Nc6 6. d4 dxe5 7. fxe5 e6 8.
Nf3 Be7 9. Bd3 b6 10. O-O O-O 11. Be4 Bb7 12. Qd3 g6 13. Bh6 f5 14. Bxc6 Bxc6
15. Bxf8 Bxf8 16. Rf2 Be7 17. Rd1 Bb7 18. Kh1 Qd7 19. c4 Rd8 20. Qb3 Kg7 21.
Rfd2 c6 22. Qe3 h6 23. Rd3 Ba6 24. Rc3 Bb4 25. Rb3 Be7 26. Qc3 Bb7 27. a3 Kf7
28. Qd2 Kg7 29. Rd3 Qc7 30. Ng1 Rd7 31. Rh3 Bg5 32. Qe2 Qd8 33. Nf3 Be7 34. Rd3
Ba6 35. Rc3 Bb7 36. Qe3 Bg5 37. Nxg5 Qxg5 38. Qxg5 hxg5 39. Rhd3 g4 40. Kg1 f4
41. Kf2 g5 42. a4 Kg6 43. Rb3 Ba6 44. Rb4 Kf5 45. Ke2 c5 46. dxc5 Rxd3 47. cxd3
bxc5 48. Rb8 Kxe5 49. Rg8 Kf6 50. Rb8 1-0

[Event "XV C.to Mondiale seniores"]
[Site "Lignano Sabbiadoro ITA"]
[Date "2005.09.30"]
[Round "3"]
[White "Jadrijevic, Ante"]
[Black "Cleal, John"]
[Result "1-0"]
[WhiteElo "2174"]
[BlackElo "2035"]
[PlyCount "95"]
[EventDate "2005.09.28"]

1. d4 Nf6 2. c3 g6 3. Bg5 Bg7 4. Nd2 d6 5. e4 Nbd7 6. Ngf3 c5 7. h3 O-O 8. Bd3
cxd4 9. cxd4 e5 10. dxe5 Nxe5 11. Nxe5 dxe5 12. Bc4 b5 13. Bd5 Rb8 14. O-O h6
15. Bxf6 Qxf6 16. a4 a6 17. axb5 axb5 18. Qb3 Qb6 19. Rfd1 Bb7 20. Nf1 Ra8 21.
Rxa8 Bxa8 22. Bxa8 Rxa8 23. Rd7 Rf8 24. Qd5 Qd4 25. b3 b4 26. g3 Qxd5 27. Rxd5
Rb8 28. Nd2 f6 29. Kf1 Bf8 30. Ra5 Rd8 31. Ke2 Kf7 32. Nc4 Rd4 33. f3 Be7 34.
Ne3 Rd7 35. Nd5 Rb7 36. Kd3 Ke6 37. Ra6+ Kf7 38. Kc4 h5 39. g4 h4 40. Ra8 Bf8
41. Rc8 Bd6 42. Rc6 Be7 43. Rc7 Rxc7+ 44. Nxc7 Bd6 45. Nd5 Ke6 46. Nxb4 f5 47.
Nd5 fxg4 48. fxg4 1-0

[Event "XV C.to Mondiale seniores"]
[Site "Lignano Sabbiadoro ITA"]
[Date "2005.09.30"]
[Round "3"]
[White "Jakobsen, Ole"]
[Black "Bernhoeft, Erhard"]
[Result "1-0"]
[WhiteElo "2385"]
[BlackElo "2079"]
[PlyCount "85"]
[EventDate "2005.09.28"]

1. d4 g6 2. e4 Bg7 3. c4 Nc6 4. Ne2 e5 5. d5 Nd4 6. Nxd4 exd4 7. Bd3 c5 8. O-O
d6 9. f4 Nh6 10. f5 f6 11. Nd2 Qe7 12. Nf3 Nf7 13. Bd2 Ne5 14. Nxe5 dxe5 15.
Qf3 O-O 16. Rae1 Bd7 17. Qg3 Qf7 18. Qf3 Rab8 19. b3 Kh8 20. Kh1 Rg8 21. g4 g5
22. Rg1 Bf8 23. Rg3 Be7 24. h4 Rg7 25. Rh3 Kg8 26. Re2 b5 27. cxb5 Bxb5 28.
Bxb5 Rxb5 29. Rf2 Rb6 30. Qd3 Qe8 31. Ba5 Rb5 32. Bc7 Bf8 33. d6 Qc6 34. Qc4+
Kh8 35. Re2 Rb4 36. Qe6 d3 37. Rxd3 Rxe4 38. d7 Qb7 39. d8=Q Rd4+ 40. Kh2 Rxd8
41. Rxd8 Rg8 42. Qxf6+ Bg7 43. Bxe5 1-0

[Event "XV C.to Mondiale seniores"]
[Site "Lignano Sabbiadoro ITA"]
[Date "2005.09.30"]
[Round "3"]
[White "Karasev, Vladimir I."]
[Black "Gerenski, Hristo"]
[Result "1-0"]
[WhiteElo "2390"]
[BlackElo "2192"]
[PlyCount "103"]
[EventDate "2005.09.28"]

1. e4 c5 2. Nf3 a6 3. c4 e6 4. Nc3 Qc7 5. d4 cxd4 6. Nxd4 Nf6 7. Be2 Nc6 8.
Nxc6 dxc6 9. O-O e5 10. Be3 Nd7 11. Bg4 Nc5 12. Bxc8 Rxc8 13. b4 Ne6 14. c5 Be7
15. Qg4 h5 16. Qe2 Bf6 17. Rad1 Rd8 18. Rxd8+ Kxd8 19. a4 Nf4 20. Qc4 Kc8 21.
b5 axb5 22. axb5 Qa5 23. bxc6 bxc6 24. Na4 Qb5 25. Nb6+ Kb8 26. Bxf4 Qxc4 27.
Bxe5+ Bxe5 28. Nxc4 Bd4 29. Nd6 Bxc5 30. Nxf7 Rf8 31. Ne5 Kc7 32. g3 Bd4 33.
Nd3 c5 34. Kg2 c4 35. Nf4 Re8 36. Rc1 c3 37. Ne2 Bc5 38. Rxc3 Kd6 39. f3 g5 40.
Rd3+ Kc6 41. Rd5 Ra8 42. Nd4+ Bxd4 43. Rxd4 g4 44. fxg4 hxg4 45. e5 Ra2+ 46.
Kg1 Ra1+ 47. Kf2 Ra2+ 48. Ke3 Rxh2 49. Kf4 Re2 50. Kf5 Kc5 51. Re4 Rg2 52. e6
1-0

[Event "XV C.to Mondiale seniores"]
[Site "Lignano Sabbiadoro ITA"]
[Date "2005.09.30"]
[Round "3"]
[White "Karl, Hans"]
[Black "Gousseinov, Aguif"]
[Result "0-1"]
[WhiteElo "2290"]
[BlackElo "2066"]
[PlyCount "76"]
[EventDate "2005.09.28"]

1. d4 Nf6 2. Nc3 d5 3. Bg5 Bf5 4. e3 c6 5. Bd3 Bxd3 6. Qxd3 Qa5 7. Nge2 Nbd7 8.
O-O e6 9. f4 Rc8 10. a3 c5 11. b4 cxb4 12. axb4 Qb6 13. Rfb1 Bd6 14. Nb5 Bb8
15. Bxf6 Nxf6 16. Na3 O-O 17. c4 dxc4 18. Nxc4 Qb5 19. Rc1 Nd5 20. Rab1 Nxe3
21. Ne5 Qxd3 22. Nxd3 b6 23. Kf2 Nd5 24. b5 f6 25. Kf3 Kf7 26. Ke4 Rfd8 27. h3
Rxc1 28. Rxc1 f5+ 29. Kf3 Bd6 30. Ne5+ Bxe5 31. dxe5 Rd7 32. Nd4 Nxf4 33. Nxf5
Nd3 34. Nd6+ Kg6 35. Rc3 Nxe5+ 36. Ke4 Rxd6 37. Kxe5 Rd5+ 38. Kxe6 Rxb5 0-1

[Event "XV C.to Mondiale seniores"]
[Site "Lignano Sabbiadoro ITA"]
[Date "2005.09.30"]
[Round "3"]
[White "Keserovic, Milan"]
[Black "Strenzwilk, Denis"]
[Result "1/2-1/2"]
[WhiteElo "2232"]
[BlackElo "2104"]
[PlyCount "102"]
[EventDate "2005.09.28"]

1. e4 c5 2. Nf3 Nc6 3. c3 Nf6 4. e5 Nd5 5. d4 cxd4 6. Bc4 Nb6 7. Bb3 d5 8. exd6
Qxd6 9. cxd4 Bf5 10. Nc3 e6 11. O-O Be7 12. Be3 O-O 13. Qe2 Rac8 14. Rfd1 Na5
15. d5 Nxb3 16. axb3 Nxd5 17. Rxa7 Rxc3 18. bxc3 Nxc3 19. Rxd6 Nxe2+ 20. Kf1
Bxd6 21. Kxe2 Be4 22. Nd2 Bd5 23. g3 h6 24. Nc4 Bb8 25. Ra3 b5 26. Nb6 Bd6 27.
Ra6 Bb7 28. Ra7 Bc6 29. Nd7 Ra8 30. Rxa8+ Bxa8 31. Kd3 Bd5 32. Kc3 f6 33. Bc5
Bc7 34. Kb4 Kf7 35. Nb6 Bxb6 36. Bxb6 Kg6 37. Kxb5 Bxb3 38. Kb4 Bd5 39. Kc3 Kf5
40. Kd3 g5 41. Ke3 g4 42. Bc7 h5 43. Bd6 e5 44. Be7 Bg2 45. Bd8 Ke6 46. Ba5 f5
47. Bc7 h4 48. Bb8 h3 49. Bc7 Bf3 50. Bb8 Kd5 51. Bc7 Be4 1/2-1/2

[Event "XV C.to Mondiale seniores"]
[Site "Lignano Sabbiadoro ITA"]
[Date "2005.09.30"]
[Round "3"]
[White "Khazankin, Moisei"]
[Black "Kummer, Heinz"]
[Result "1-0"]
[WhiteElo "2139"]
[BlackElo "1998"]
[PlyCount "87"]
[EventDate "2005.09.28"]

1. e4 c5 2. Nc3 d6 3. f4 e6 4. Nf3 Be7 5. Bc4 a6 6. a4 Nf6 7. d3 Nc6 8. O-O Qc7
9. Bb3 b6 10. f5 Nd4 11. Nxd4 cxd4 12. Ne2 e5 13. c3 dxc3 14. Nxc3 Bb7 15. Be3
Bc6 16. Qf3 Qb7 17. Rac1 Rd8 18. Bd5 Rc8 19. Bxc6+ Rxc6 20. g4 h6 21. Nd5 Rxc1
22. Rxc1 Nxd5 23. exd5 O-O 24. Rc6 b5 25. a5 Rd8 26. Qf2 Rd7 27. b4 Bf6 28. Qc2
Kf8 29. Rc8+ Rd8 30. Rc6 Rd7 31. Kf2 Kg8 32. Rc8+ Kh7 33. Qc6 Bg5 34. Qxb7 Bh4+
35. Ke2 Rxb7 36. Rc6 Bf6 37. Rxa6 g6 38. Rc6 gxf5 39. gxf5 h5 40. a6 Rb8 41. a7
Ra8 42. Rxd6 Be7 43. Rd7 Bxb4 44. Rxf7+ 1-0

[Event "XV C.to Mondiale seniores"]
[Site "Lignano Sabbiadoro ITA"]
[Date "2005.09.30"]
[Round "3"]
[White "Krasevec, Viktor"]
[Black "Thonig, Manfred"]
[Result "1-0"]
[WhiteElo "2065"]
[BlackElo "1836"]
[PlyCount "49"]
[EventDate "2005.09.28"]

1. d4 f5 2. c4 Nf6 3. Nc3 e6 4. Nf3 Bb4 5. Qc2 Bxc3+ 6. Qxc3 Ne4 7. Qc2 O-O 8.
e3 b6 9. b3 d5 10. Ba3 Rf6 11. cxd5 exd5 12. Ne5 Rh6 13. Bd3 c6 14. O-O-O c5
15. f3 c4 16. bxc4 dxc4 17. Bxc4+ Be6 18. fxe4 Nd7 19. Bxe6+ Rxe6 20. Qb3 Qc8+
21. Kb1 Nxe5 22. dxe5 Qc6 23. Qd5 fxe4 24. Bd6 Qe8 25. Rhf1 1-0

[Event "XV C.to Mondiale seniores"]
[Site "Lignano Sabbiadoro ITA"]
[Date "2005.09.30"]
[Round "3"]
[White "Laco, Giuseppe"]
[Black "Kristiansen, Erling"]
[Result "1-0"]
[WhiteElo "2104"]
[BlackElo "2266"]
[PlyCount "67"]
[EventDate "2005.09.28"]

1. c4 Nf6 2. Nc3 c5 3. e4 Nc6 4. f4 d6 5. h3 g6 6. Nge2 Bg7 7. d3 Nd4 8. Nxd4
cxd4 9. Ne2 Qb6 10. g3 Bd7 11. Bg2 Bc6 12. Qd2 a5 13. Rb1 O-O 14. b3 Nd7 15. g4
f5 16. gxf5 gxf5 17. Ng3 e6 18. a3 fxe4 19. dxe4 Bh6 20. O-O e5 21. Nf5 Rxf5
22. exf5 e4 23. Kh1 Kf7 24. Qd1 Bg7 25. Bb2 Rg8 26. Rg1 Ke7 27. b4 axb4 28.
axb4 e3 29. b5 Bxg2+ 30. Rxg2 Kf8 31. Rxg7 Rxg7 32. Bxd4 e2 33. Bxg7+ Kxg7 34.
Qxe2 1-0

[Event "XV C.to Mondiale seniores"]
[Site "Lignano Sabbiadoro ITA"]
[Date "2005.09.30"]
[Round "3"]
[White "Limberg, Siegfried"]
[Black "Neumann, Horst"]
[Result "1-0"]
[WhiteElo "2143"]
[BlackElo "2003"]
[PlyCount "120"]
[EventDate "2005.09.28"]

1. d4 d5 2. Nf3 Nf6 3. Nbd2 Bg4 4. Ne5 Bh5 5. f3 Nbd7 6. g4 Nxe5 7. dxe5 Nxg4
8. fxg4 Bxg4 9. Nf3 e6 10. Qd4 Bf5 11. Qa4+ c6 12. Bg5 Qb6 13. O-O-O h6 14. Bd2
Qc5 15. Qb3 Be7 16. Be3 Bxc2 17. Qxc2 Qxe3+ 18. Kb1 O-O 19. h4 c5 20. Bh3 b5
21. Rdg1 b4 22. Rg4 Rfb8 23. Rhg1 Bf8 24. Qd3 Qxd3+ 25. exd3 a5 26. Bf1 a4 27.
R1g2 Kh8 28. h5 Ra7 29. Nh2 Rc7 30. Rf4 Rbc8 31. b3 Ra8 32. Rb2 Kg8 33. Ng4
Rca7 34. Rc2 Be7 35. bxa4 Rxa4 36. Rb2 b3 37. Rff2 bxa2+ 38. Rxa2 Bg5 39. Rg2
Rxa2 40. Rxa2 Rxa2 41. Kxa2 f5 42. exf6 gxf6 43. Kb3 Kf7 44. Ka4 Ke7 45. Kb5
Kd6 46. Be2 f5 47. Nh2 e5 48. Nf3 Be3 49. Nh4 Bg5 50. Nxf5+ Ke6 51. Bg4 Kf6 52.
Kxc5 e4 53. d4 e3 54. Ng3 Bh4 55. Ne2 Be1 56. Kxd5 Kg5 57. Bf3 Kf5 58. Kc6 Ke6
59. d5+ Ke7 60. d6+ Kd8 1-0

[Event "XV C.to Mondiale seniores"]
[Site "Lignano Sabbiadoro ITA"]
[Date "2005.09.30"]
[Round "3"]
[White "Ljubarskij, Juri"]
[Black "Jansa, Vlastimil"]
[Result "1-0"]
[WhiteElo "2290"]
[BlackElo "2511"]
[PlyCount "131"]
[EventDate "2005.09.28"]

1. Nf3 c5 2. c4 g6 3. Nc3 Bg7 4. d4 cxd4 5. Nxd4 Nc6 6. Nc2 Nf6 7. e4 O-O 8.
Be2 d6 9. O-O Nd7 10. Be3 Nc5 11. f3 Bxc3 12. bxc3 Qa5 13. Qd2 Na4 14. Bh6 Qxc3
15. Qxc3 Nxc3 16. Bxf8 Nxe2+ 17. Kf2 Nf4 18. Bh6 Nd3+ 19. Ke2 Nde5 20. Na3 b6
21. Rfc1 Ba6 22. Nb5 Rc8 23. a4 Na5 24. Rc3 f6 25. Be3 Nexc4 26. Rac1 Bxb5 27.
axb5 e6 28. Bf4 Rc5 29. Be3 Rc8 30. Bf4 d5 31. exd5 exd5 32. Rd3 Rc5 33. Rcd1
Nb2 34. Rxd5 Nxd1 35. Rxc5 bxc5 36. Kxd1 Kf7 37. Bb8 Ke6 38. Bxa7 Kd5 39. Kc2
Nc4 40. Kb3 Ne3 41. Ka4 Nxg2 42. Ka5 Ne1 43. f4 Nd3 44. Ka6 c4 45. Be3 Ke4 46.
Bd2 Nc5+ 47. Kb6 Na4+ 48. Ka5 Nc5 49. Kb6 Ne6 50. Ka5 Kd3 51. Bb4 c3 52. b6 c2
53. Ba3 g5 54. fxg5 f5 55. Bc1 Ke4 56. Kb4 f4 57. Kc3 Nc5 58. Kxc2 Kf5 59. Ba3
Nd7 60. b7 Kxg5 61. Bd6 Kg4 62. Kd3 Kf5 63. b8=Q Nxb8 64. Bxb8 h6 65. Bc7 h5
66. Bb8 1-0

[Event "XV C.to Mondiale seniores"]
[Site "Lignano Sabbiadoro ITA"]
[Date "2005.09.30"]
[Round "3"]
[White "Loda', Domenico"]
[Black "Zurel, Maxim"]
[Result "1/2-1/2"]
[WhiteElo "1659"]
[BlackElo "1945"]
[PlyCount "81"]
[EventDate "2005.09.28"]

1. e4 c6 2. d4 d5 3. e5 Bf5 4. Nf3 e6 5. Be2 Ne7 6. Nh4 Qb6 7. Nxf5 Nxf5 8. c3
Nd7 9. O-O c5 10. g4 Ne7 11. b3 Nc6 12. Bb2 c4 13. b4 Qd8 14. f4 b5 15. Qe1 a5
16. a3 Be7 17. Qg3 a4 18. Nd2 Qb6 19. Kg2 O-O-O 20. Rf3 Rdg8 21. Rg1 Qd8 22.
Kf1 h5 23. g5 g6 24. h4 Bf8 25. Qg2 Ne7 26. Bd1 Nf5 27. Qf2 Kb7 28. Bc2 Ne7 29.
Qe2 Nc6 30. Qd1 Nb6 31. Qb1 Qd7 32. Kf2 Be7 33. Qe1 Rc8 34. Nb1 Rc7 35. Kg2
Rhc8 36. Rh1 Qe8 37. Rhh3 Qf8 38. Rhg3 Nd7 39. Qd2 Ndb8 40. Qe1 Na6 41. Re3
1/2-1/2

[Event "XV C.to Mondiale seniores"]
[Site "Lignano Sabbiadoro ITA"]
[Date "2005.09.30"]
[Round "3"]
[White "Maissenbacher, Werner"]
[Black "Maugg, Ludwig"]
[Result "1/2-1/2"]
[WhiteElo "1981"]
[BlackElo "2125"]
[PlyCount "30"]
[EventDate "2005.09.28"]

1. e4 c5 2. Nf3 Nc6 3. d4 cxd4 4. Nxd4 Nf6 5. Nc3 e5 6. Ndb5 d6 7. Bg5 a6 8.
Na3 b5 9. Nd5 Be7 10. Bxf6 Bxf6 11. c3 Ne7 12. Nxf6+ gxf6 13. Bd3 Bb7 14. O-O
d5 15. Qe2 dxe4 1/2-1/2